[Event "2BLW 2324 SF Lieme - SG Porz"]
[Site "?"]
[Date "2023.10.22"]
[Round "2.8"]
[White "Erofeev, Anastasia"]
[Black "Marcziter, Dmitrii"]
[Result "1/2-1/2"]
[WhiteElo "2001"]
[BlackElo "2223"]
[PlyCount "88"]
[EventDate "2023.??.??"]

1. d4 Nf6 2. c4 g6 3. g3 Bg7 4. Bg2 d5 5. Nf3 O-O 6. O-O Nc6 7. cxd5 Nxd5 8. Nc3 Nb6 9. e3 Re8 10. Ne1 e5 11. d5 Na5 12. Qc2 c6 13. b4 Nac4 14. dxc6 bxc6 15. Bxc6 Bh3 16. Ng2 Rc8 17. b5 e4 18. Rb1 Ne5 19. Ne2 Qf6 20. Bb2 Qf3 21. Nef4 Bxg2 22. Nxg2 Qh5 23. Bxe5 Rxe5 24. Qd1 Qg5 25. Qe2 Bf8 26. Rfd1 Na4 27. Qc4 Nc5 28. Nf4 Qf6 29. Rd2 g5 30. Ne2 Nd3 31. Nd4 Rc5 32. Qa4 Rc7 33. Rf1 Qg6 34. Qd1 Ne5 35. a4 Rc4 36. Ra2 Bc5 37. Kg2 Bxd4 38. exd4 Nxc6 39. bxc6 R7xc6 40. d5 Rd6 41. Qb3 Rc8 42. f4 f5 43. fxg5 Qxg5 44. Raf2 Rf8 1/2-1/2

[Event "2BLW 2324 Klub Kölner SF - SV Koblenz"]
[Site "?"]
[Date "2023.10.22"]
[Round "2.1"]
[White "Balog, Imre"]
[Black "Stork, Oliver"]
[Result "1-0"]
[WhiteElo "2622"]
[BlackElo "2289"]
[PlyCount "83"]
[EventDate "2023.??.??"]

1. c4 e5 2. g3 Nc6 3. Bg2 Bc5 4. Nc3 a6 5. Nf3 d6 6. e3 Ba7 7. d4 Bg4 8. h3 Bh5 9. dxe5 dxe5 10. Qa4 f6 11. O-O Nge7 12. b4 Qd3 13. Nd5 Nxd5 14. cxd5 e4 15. Nd2 Qxd5 16. Nxe4 Qe5 17. Bd2 O-O 18. Rac1 Rfd8 19. Bc3 Qe7 20. Qb3+ Bf7 21. Qb2 Bg6 22. Nxf6+ gxf6 23. Bxf6 Qe6 24. Bxd8 Rxd8 25. Rfd1 Be4 26. Rxd8+ Nxd8 27. Rd1 Nf7 28. Bxe4 Qxe4 29. Qf6 Qxb4 30. Qe6 Bc5 31. Rd7 Qb1+ 32. Kg2 Qg6 33. Qe8+ Bf8 34. Rxc7 b5 35. Rc6 Qf5 36. e4 Qe5 37. Qxe5 Nxe5 38. Rxa6 b4 39. f4 Nd3 40. Kf3 Kf7 41. Ra7+ Be7 42. e5 1-0

[Event "2BLW 2324 Klub Kölner SF - SV Koblenz"]
[Site "?"]
[Date "2023.10.22"]
[Round "2.2"]
[White "Morawietz, Dieter"]
[Black "Sulskis, Sarunas"]
[Result "0-1"]
[WhiteElo "2378"]
[BlackElo "2490"]
[PlyCount "70"]
[EventDate "2023.??.??"]

1. e4 e5 2. Nf3 Nc6 3. Bc4 Nf6 4. d3 Bc5 5. c3 O-O 6. O-O d5 7. exd5 Nxd5 8. Nbd2 Nb6 9. Bb5 f6 10. d4 exd4 11. Nb3 Bd6 12. Nbxd4 Nxd4 13. Nxd4 c5 14. Qb3+ Kh8 15. Ne6 Bxe6 16. Qxe6 a6 17. Be2 f5 18. Qe3 Qf6 19. Bd3 Rae8 20. Qh3 c4 21. Bc2 Re2 22. Bd1 Re4 23. g3 Bc5 24. Bf3 Re7 25. Qg2 Nd7 26. Bxb7 Ne5 27. Bd5 Rd8 28. Bf4 Ng4 29. Bxc4 g5 30. Rad1 Rxd1 31. Rxd1 Kg7 32. Qd5 Bxf2+ 33. Kh1 gxf4 34. gxf4 Kh6 35. h3 Bb6 0-1

[Event "2BLW 2324 Klub Kölner SF - SV Koblenz"]
[Site "?"]
[Date "2023.10.22"]
[Round "2.3"]
[White "Fritsche, Lutz"]
[Black "Helbig, Mark"]
[Result "1/2-1/2"]
[WhiteElo "2322"]
[BlackElo "2297"]
[PlyCount "158"]
[EventDate "2023.??.??"]

1. e4 c6 2. Nc3 d5 3. d3 g6 4. g3 dxe4 5. dxe4 Qxd1+ 6. Nxd1 Bg7 7. Ne3 Nd7 8. a4 Nc5 9. f3 a5 10. Bc4 Nf6 11. Bd2 Nfd7 12. Ra2 Ne5 13. b3 O-O 14. Be2 Rd8 15. Nc4 Nxc4 16. Bxc4 Be6 17. Bxe6 fxe6 18. Ne2 Rd7 19. Be3 Na6 20. c3 Rd3 21. Kf2 Bxc3 22. Nf4 Rd6 23. Rc1 Nb4 24. Re2 Be5 25. Rc4 b5 26. axb5 cxb5 27. Rc7 a4 28. bxa4 bxa4 29. Rb7 a3 30. Rxb4 a2 31. Rb8+ Rxb8 32. Rxa2 Rb2+ 33. Rxb2 Bxb2 34. Ke2 e5 35. Nd3 Bd4 36. Bd2 Kf7 37. f4 Kf6 38. h4 exf4 39. gxf4 Kf7 40. Be1 Ra6 41. Kf3 Ra3 42. Ke2 e5 43. fxe5 Ke6 44. Bg3 Ra2+ 45. Kf3 Rd2 46. Nf4+ Kxe5 47. Nxg6+ Kf6 48. Nf4 Be5 49. Be1 Rd1 50. Ke2 Ra1 51. Nd3 h5 52. Kf3 Ra3 53. Ke2 Ke6 54. Bb4 Ra2+ 55. Kf3 Rh2 56. Be1 Rh3+ 57. Ke2 Bg3 58. Bxg3 Rxg3 59. Nf4+ Ke5 60. Nxh5 Rg4 61. Kf3 Rxe4 62. Ng3 Rxh4 63. Ke3 Ra4 64. Kf3 Ra3+ 65. Kg4 Rb3 66. Ne2 Re3 67. Ng3 Re1 68. Kf3 Ra1 69. Kg4 Ra4+ 70. Kf3 Rb4 71. Ne2 Rb3+ 72. Kg4 Ra3 73. Ng3 Re3 74. Nh5 Re4+ 75. Kf3 Rh4 76. Ng3 Rh3 77. Kg4 Rh8 78. Kf3 Rb8 79. Kg4 Rb3 1/2-1/2

[Event "2BLW 2324 Klub Kölner SF - SV Koblenz"]
[Site "?"]
[Date "2023.10.22"]
[Round "2.4"]
[White "Wacker, Peter"]
[Black "Hammes, Michael"]
[Result "1/2-1/2"]
[WhiteElo "2234"]
[BlackElo "2349"]
[PlyCount "51"]
[EventDate "2023.??.??"]

1. d4 Nf6 2. Bf4 d5 3. e3 c5 4. c3 Nc6 5. Nd2 cxd4 6. exd4 Bf5 7. Qb3 Qc8 8. h3 e6 9. Ngf3 Be7 10. Be2 h6 11. O-O O-O 12. Rfe1 Rd8 13. Bf1 Ne4 14. Nxe4 Bxe4 15. Ne5 Nxe5 16. Bxe5 Bd6 17. Bxd6 Rxd6 18. Qd1 Rb6 19. Qd2 Bg6 20. Re3 Qd8 21. Rg3 Qh4 22. Re1 Rc8 23. Rg4 Qf6 24. Rg3 Qh4 25. Rg4 Qf6 26. Rg3 1/2-1/2

[Event "2BLW 2324 Klub Kölner SF - SV Koblenz"]
[Site "?"]
[Date "2023.10.22"]
[Round "2.5"]
[White "Stewart, Neil"]
[Black "Andersen, Hans-Christoph"]
[Result "1-0"]
[WhiteElo "2253"]
[BlackElo "2224"]
[PlyCount "85"]
[EventDate "2023.??.??"]

1. d4 Nf6 2. c4 e6 3. g3 d5 4. Nf3 dxc4 5. Bg2 a6 6. O-O Nc6 7. Bg5 Rb8 8. e3 Be7 9. Nfd2 e5 10. Bxf6 Bxf6 11. d5 Ne7 12. Nxc4 O-O 13. Nc3 Nf5 14. Ne4 Nd6 15. Rc1 Nxc4 16. Rxc4 Be7 17. Qh5 f5 18. Nc5 Bd6 19. e4 Qe8 20. Qxe8 Rxe8 21. exf5 Bxf5 22. Re1 Re7 23. Be4 g6 24. f3 Kf7 25. Rec1 Ke8 26. Kg2 Kd8 27. b4 Bxc5 28. bxc5 Rd7 29. Rb4 Bxe4 30. fxe4 Rf7 31. Rcb1 Kc8 32. a4 Rf6 33. a5 c6 34. d6 Rf7 35. R4b2 Kd8 36. Rf1 Ke8 37. Rxf7 Kxf7 38. Kf3 h6 39. Kg4 Kf6 40. Rf2+ Ke6 41. Rb2 Kf6 42. h3 h5+ 43. Kh4 1-0

[Event "2BLW 2324 Klub Kölner SF - SV Koblenz"]
[Site "?"]
[Date "2023.10.22"]
[Round "2.6"]
[White "Wisskirchen, Andreas"]
[Black "Doncevic, Dario"]
[Result "1/2-1/2"]
[WhiteElo "2211"]
[BlackElo "2219"]
[PlyCount "20"]
[EventDate "2023.??.??"]

1. d4 Nf6 2. Nf3 g6 3. g3 Bg7 4. Bg2 O-O 5. O-O d5 6. c4 dxc4 7. Na3 Nc6 8. Nxc4 Be6 9. Nce5 Bd5 10. Bf4 Qc8 1/2-1/2

[Event "2BLW 2324 Klub Kölner SF - SV Koblenz"]
[Site "?"]
[Date "2023.10.22"]
[Round "2.7"]
[White "Repplinger, Marc"]
[Black "Maric, Boris"]
[Result "1/2-1/2"]
[WhiteElo "2158"]
[BlackElo "2069"]
[PlyCount "44"]
[EventDate "2023.??.??"]

1. e4 c5 2. Nc3 d6 3. f4 g6 4. Nf3 Bg7 5. Bc4 Nc6 6. O-O e6 7. f5 exf5 8. d3 Nge7 9. Qe1 h6 10. exf5 Bxf5 11. Nh4 O-O 12. Nxf5 Nxf5 13. Rxf5 gxf5 14. Qg3 Kh7 15. Bf4 Rg8 16. Qh3 Qf6 17. Rf1 Rae8 18. Kh1 Qg6 19. Nd5 Be5 20. c3 Bxf4 21. Nxf4 Qg5 22. g3 Ne5 1/2-1/2

[Event "2BLW 2324 Klub Kölner SF - SV Koblenz"]
[Site "?"]
[Date "2023.10.22"]
[Round "2.8"]
[White "Strehse, Nelson"]
[Black "Petersen, Henrik"]
[Result "0-1"]
[WhiteElo "1845"]
[BlackElo "2123"]
[PlyCount "88"]
[EventDate "2023.??.??"]

1. e4 g6 2. d4 Bg7 3. Nc3 d6 4. Be3 a6 5. a4 b6 6. Bc4 e6 7. Nf3 Ne7 8. Qd2 h6 9. O-O Nd7 10. Ne1 Bb7 11. f4 Nf6 12. Bd3 d5 13. e5 Ne4 14. Qe2 Nf5 15. g4 Nh4 16. Bf2 h5 17. Bxh4 Qxh4 18. g5 Qg4+ 19. Qxg4 hxg4 20. Nxe4 dxe4 21. Be2 c5 22. dxc5 Bf8 23. Bxg4 Bxc5+ 24. Kg2 O-O-O 25. Kg3 Rd2 26. h3 Kc7 27. Rc1 Bc6 28. b3 Rhd8 29. c3 b5 30. b4 Ba7 31. axb5 axb5 32. Ng2 R8d3+ 33. Kh2 e3 34. Rg1 Rf2 35. Rcf1 Bxg2 36. Rxg2 Rxf1 37. Be2 Rfd1 38. Bxd1 Rxd1 39. Kg3 Rf1 40. Ra2 Kc6 41. h4 Kd5 42. f5 Rxf5 43. Rxa7 e2 44. Rd7+ Kxe5 0-1

[Event "2BLW 2324 SV Werder Bremen II - SG Solin"]
[Site "?"]
[Date "2023.12.02"]
[Round "3.1"]
[White "Krastev, Alexander"]
[Black "Colbow, Collin"]
[Result "1-0"]
[WhiteElo "2447"]
[BlackElo "2383"]
[PlyCount "189"]
[EventDate "2023.??.??"]

1. e4 c5 2. Nf3 d6 3. Bb5+ Bd7 4. Bxd7+ Qxd7 5. O-O Nf6 6. Qe2 Nc6 7. c3 e6 8. d4 cxd4 9. cxd4 d5 10. e5 Ne4 11. Be3 Be7 12. Ne1 f6 13. f3 Ng5 14. Nd3 O-O 15. Nd2 Rac8 16. a3 Nf7 17. f4 Na5 18. exf6 Bxf6 19. Ne5 Qe8 20. Rac1 Nd6 21. Ndf3 Nac4 22. Nxc4 Nxc4 23. Rc3 a5 24. Re1 Qb5 25. Bf2 Rce8 26. Qc2 a4 27. Nd2 Nxd2 28. Qxd2 Bd8 29. Rf3 Ba5 30. Qe2 Qc4 31. Qxc4 dxc4 32. Re5 Rf5 33. Rfe3 Ref8 34. g3 Bd2 35. Rxf5 Rxf5 36. Re2 c3 37. bxc3 Bc1 38. Rc2 Bxa3 39. Ra2 Bc1 40. Rxa4 Rb5 41. Ra2 Bb2 42. Be1 Kf7 43. Ra8 Rb3 44. Rc8 b5 45. Kg2 Ba3 46. Rc7+ Kg6 47. Rc6 Kf7 48. Kf1 Rb2 49. Ra6 Be7 50. Rb6 Ba3 51. g4 Rxh2 52. Rxb5 Bb2 53. Re5 Bc1 54. f5 exf5 55. Rxf5+ Ke7 56. c4 Rc2 57. c5 Bb2 58. Bh4+ Kd7 59. Bf2 g6 60. Rd5+ Ke7 61. Bh4+ Kf7 62. Rd7+ Ke6 63. Rd6+ Kf7 64. c6 Bxd4 65. Rxd4 Rxc6 66. Rd7+ Kg8 67. Bf2 g5 68. Bd4 Rc1+ 69. Ke2 h6 70. Rg7+ Kf8 71. Rh7 Rh1 72. Kf3 Kg8 73. Rg7+ Kf8 74. Rh7 Kg8 75. Rh8+ Kf7 76. Ke4 Rf1 77. Rh7+ Kg8 78. Rh8+ Kf7 79. Be3 Kg7 80. Ra8 Kg6 81. Rg8+ Kf7 82. Rb8 Kg6 83. Ke5 Rf7 84. Rb6+ Kg7 85. Re6 Rf3 86. Ke4 Rg3 87. Bd4+ Kf7 88. Rf6+ Ke7 89. Kf5 Rf3+ 90. Kg6 Rg3 91. Bc5+ Kd7 92. Rd6+ Ke8 93. Rd4 Rh3 94. Re4+ Kd7 95. Bf8 1-0

[Event "2BLW 2324 SV Werder Bremen II - SG Solin"]
[Site "?"]
[Date "2023.12.02"]
[Round "3.2"]
[White "Reuker, Jari"]
[Black "Roseneck, Jonas"]
[Result "1/2-1/2"]
[WhiteElo "2384"]
[BlackElo "2390"]
[PlyCount "60"]
[EventDate "2023.??.??"]

1. d4 Nf6 2. c4 e6 3. Nf3 d5 4. g3 Bb4+ 5. Bd2 a5 6. Bg2 O-O 7. Qc2 c5 8. cxd5 cxd4 9. Nxd4 Qb6 10. e3 exd5 11. O-O Nc6 12. Nxc6 bxc6 13. Bxb4 axb4 14. Nd2 Bd7 15. e4 Rfe8 16. Rfe1 h5 17. h3 Re5 18. exd5 Rxe1+ 19. Rxe1 cxd5 20. Qb3 Ba4 21. Qd3 Bb5 22. Qb3 Qc5 23. Re5 Qc1+ 24. Nf1 Bc4 25. Qxb4 Rxa2 26. Qb8+ Kh7 27. Qc8 Ra1 28. Qf5+ Kg8 29. Qc8+ Kh7 30. Qf5+ Kg8 1/2-1/2

[Event "2BLW 2324 SV Werder Bremen II - SG Solin"]
[Site "?"]
[Date "2023.12.02"]
[Round "3.3"]
[White "Wegerle, Joerg"]
[Black "Meins, Gerlef"]
[Result "1/2-1/2"]
[WhiteElo "2415"]
[BlackElo "2406"]
[PlyCount "52"]
[EventDate "2023.??.??"]

1. d4 d5 2. Nf3 Nf6 3. c3 e6 4. Bg5 Nbd7 5. Nbd2 h6 6. Bh4 Be7 7. e3 c5 8. Bd3 b6 9. Qe2 Bb7 10. Ba6 Qc8 11. Bxb7 Qxb7 12. Bxf6 Bxf6 13. O-O O-O 14. Rfe1 Rfc8 15. a4 a6 16. Qf1 b5 17. axb5 axb5 18. Rxa8 Rxa8 19. Ra1 c4 20. h3 Nb6 21. Rxa8+ Qxa8 22. Qb1 b4 23. cxb4 Qa4 24. b3 Qxb4 25. bxc4 Qxb1+ 26. Nxb1 Nxc4 1/2-1/2

[Event "2BLW 2324 SV Werder Bremen II - SG Solin"]
[Site "?"]
[Date "2023.12.02"]
[Round "3.4"]
[White "Lobzhanidze, Davit"]
[Black "Gaponenko, Inna"]
[Result "1/2-1/2"]
[WhiteElo "2400"]
[BlackElo "2336"]
[PlyCount "192"]
[EventDate "2023.??.??"]

1. e4 e6 2. d4 d5 3. Nd2 c5 4. exd5 exd5 5. Ngf3 Nc6 6. Bb5 Qe7+ 7. Be2 Qc7 8. O-O Nf6 9. Re1 Be6 10. Nf1 Be7 11. dxc5 Bxc5 12. Be3 Qb6 13. Bxc5 Qxc5 14. c3 O-O 15. Nd4 Nxd4 16. Qxd4 Qxd4 17. cxd4 Rac8 18. Rac1 Rxc1 19. Rxc1 Rc8 20. Rxc8+ Bxc8 21. Ne3 Kf8 22. f4 Ke7 23. Bf3 Kd6 24. Kf2 h6 25. h4 g6 26. g4 Be6 27. f5 gxf5 28. gxf5 Bd7 29. Kg3 Bb5 30. Ng4 Ng8 31. Kf4 f6 32. Ne3 Ne7 33. Ng4 Ng8 34. Ne3 Ne7 35. Bh5 Bd3 36. Bf7 Bb1 37. a3 b6 38. Be6 Nc6 39. Nxd5 Nxd4 40. Nxf6 Nxe6+ 41. fxe6 Kxe6 42. Ng8 h5 43. Kg5 a5 44. Nf6 b5 45. Nxh5 b4 46. Nf4+ Kf7 47. axb4 axb4 48. Nd5 b3 49. Nf4 Be4 50. Ne2 Kg7 51. Kf4 Bd5 52. Ke5 Bg8 53. Ng3 Kg6 54. Kd4 Be6 55. Kc3 Bf7 56. Kd3 Kh6 57. Kd4 Kg6 58. Ke5 Bc4 59. Kf4 Be6 60. Ne2 Bc4 61. Nd4 Kh5 62. Kg3 Bf7 63. Nf3 Bd5 64. Ne5 Be4 65. Nc4 Bd3 66. Ne3 Be4 67. Nd1 Bd5 68. Nf2 Bc4 69. Nh3 Kg6 70. Nf2 Bd5 71. Nd1 Bc4 72. Ne3 Be6 73. Kf4 Kh5 74. Nf5 Bc4 75. Kg3 Kg6 76. Nd6 Bd5 77. Kf4 Kh5 78. Nf5 Bc4 79. Ne3 Be6 80. Kg3 Kg6 81. Ng2 Kf5 82. Nf4 Bf7 83. Kf3 Bg8 84. Nd3 Bd5+ 85. Ke3 Kg4 86. Kd4 Bg8 87. Kc3 Kxh4 88. Nc5 Kg5 89. Nxb3 Kf6 90. Na5 Ke5 91. Kb4 Kd6 92. Kb5 Kc7 93. Kc5 Bh7 94. b4 Bd3 95. Nb3 Be2 96. Nd4 Bf1 1/2-1/2

[Event "2BLW 2324 SV Werder Bremen II - SG Solin"]
[Site "?"]
[Date "2023.12.02"]
[Round "3.5"]
[White "Schlecht, Daniel"]
[Black "Kollen, Zyon"]
[Result "1/2-1/2"]
[WhiteElo "2380"]
[BlackElo "2318"]
[PlyCount "35"]
[EventDate "2023.??.??"]

1. d4 e6 2. c4 Nf6 3. Nc3 Bb4 4. e3 O-O 5. Bd2 d5 6. Nf3 c5 7. a3 Bxc3 8. Bxc3 Ne4 9. Qc2 Nxc3 10. Qxc3 cxd4 11. Nxd4 dxc4 12. Bxc4 Bd7 13. O-O a6 14. Rfd1 Qe7 15. Qb3 b5 16. Bd3 Rc8 17. Be4 Ra7 18. Rac1 1/2-1/2

[Event "2BLW 2324 SV Werder Bremen II - SG Solin"]
[Site "?"]
[Date "2023.12.02"]
[Round "3.6"]
[White "Joachim, Sven"]
[Black "Schaefer, Markus"]
[Result "1-0"]
[WhiteElo "2394"]
[BlackElo "2358"]
[PlyCount "85"]
[EventDate "2023.??.??"]

1. Nf3 Nf6 2. c4 g6 3. d4 Bg7 4. Nc3 O-O 5. e4 d6 6. Be2 Na6 7. O-O e5 8. Be3 Ng4 9. Bg5 Qe8 10. Re1 c6 11. h3 Nf6 12. dxe5 dxe5 13. Qd6 Be6 14. Nxe5 h6 15. Bf4 Rd8 16. Qa3 Nh5 17. Bxh5 gxh5 18. Ne2 f6 19. Nf3 c5 20. Be3 Nb4 21. Bxc5 Nc2 22. Qc3 Nxe1 23. Rxe1 Rf7 24. Bd4 Rfd7 25. Nf4 Qf7 26. b3 Rc8 27. Qe3 b6 28. Nh4 Re8 29. Nxe6 Rxe6 30. Nf5 Qg6 31. Kh2 Bf8 32. Qf3 Kh7 33. Kh1 Bc5 34. Bxc5 bxc5 35. Qe3 Rc6 36. Qe2 Rc8 37. Rd1 Rcd8 38. Rd5 Qg5 39. g3 Rxd5 40. cxd5 Qg8 41. Qxh5 Qf8 42. Qd1 Qe8 43. Qd3 1-0

[Event "2BLW 2324 SV Werder Bremen II - SG Solin"]
[Site "?"]
[Date "2023.12.02"]
[Round "3.7"]
[White "Wickenfeld, Stefan"]
[Black "Richter, Christian"]
[Result "1/2-1/2"]
[WhiteElo "2216"]
[BlackElo "2359"]
[PlyCount "66"]
[EventDate "2023.??.??"]

1. d4 Nf6 2. Nf3 g6 3. g3 Bg7 4. Bg2 O-O 5. O-O d5 6. b3 c6 7. Bb2 Ne4 8. Nbd2 Bf5 9. c4 Nd7 10. cxd5 cxd5 11. Ne5 Nxe5 12. dxe5 Rc8 13. Nxe4 Bxe4 14. Bd4 Bxg2 15. Kxg2 Qa5 16. Qd3 Rc6 17. Rfc1 Rfc8 18. Rxc6 Rxc6 19. a4 a6 20. b4 Qc7 21. f4 Rc4 22. b5 Bf8 23. bxa6 bxa6 24. a5 e6 25. h4 Bc5 26. Bxc5 Qxc5 27. h5 gxh5 28. Qf3 Rc3 29. Qxh5 Rxg3+ 30. Kxg3 Qc3+ 31. e3 Qxa1 32. Qg5+ Kf8 33. Qd8+ Kg7 1/2-1/2

[Event "2BLW 2324 SV Werder Bremen II - SG Solin"]
[Site "?"]
[Date "2023.12.02"]
[Round "3.8"]
[White "Breutigam, Martin"]
[Black "Bashylina, Luisa"]
[Result "1/2-1/2"]
[WhiteElo "2354"]
[BlackElo "2179"]
[PlyCount "57"]
[EventDate "2023.??.??"]

1. d4 Nf6 2. c4 g6 3. Nc3 d5 4. cxd5 Nxd5 5. e4 Nxc3 6. bxc3 Bg7 7. Nf3 c5 8. Be3 Qa5 9. Qd2 cxd4 10. cxd4 Qxd2+ 11. Nxd2 O-O 12. Rc1 e6 13. Be2 Nc6 14. Nb3 Rd8 15. Rc4 h6 16. O-O Bd7 17. Rd1 Be8 18. Bf3 Rac8 19. Rdc1 Ne7 20. Rc7 Rxc7 21. Rxc7 Rd7 22. Rc1 Rd8 23. g4 Bc6 24. Kg2 g5 25. Kg3 f5 26. gxf5 exf5 27. exf5 Nxf5+ 28. Kg4 Bxf3+ 29. Kxf3 1/2-1/2

[Event "2BLW 2324 SF Lieme - Klub Kölner SF"]
[Site "?"]
[Date "2023.12.02"]
[Round "3.1"]
[White "Strohhaeker, Raoul"]
[Black "Niermann, Tristan"]
[Result "0-1"]
[WhiteElo "2438"]
[BlackElo "2412"]
[PlyCount "130"]
[EventDate "2023.??.??"]

1. e4 c5 2. Nf3 d6 3. d4 cxd4 4. Nxd4 Nf6 5. Nc3 Nc6 6. Bg5 e6 7. Qd2 a6 8. O-O-O Bd7 9. f4 Be7 10. Nf3 b5 11. Bxf6 gxf6 12. Kb1 Qb6 13. f5 O-O-O 14. g3 h5 15. fxe6 fxe6 16. Bh3 Ne5 17. Nd4 Ng4 18. a3 Kb8 19. Qe2 Rhg8 20. Rhf1 Rc8 21. Bxg4 Rxg4 22. Rf3 Rg5 23. Qf2 Re5 24. Nde2 Qxf2 25. Rxf2 a5 26. Nf4 Rg5 27. Nd3 Kc7 28. Ne2 Rcg8 29. Nef4 Rh8 30. Rf3 h4 31. gxh4 Rxh4 32. h3 Kd8 33. Nf2 Ke8 34. Ng4 f5 35. exf5 Rxf5 36. Rdf1 Bc6 37. R3f2 e5 38. Ng6 Rxf2 39. Nxf2 Rh6 40. Nxe7 Kxe7 41. Rg1 Rf6 42. Nd1 Rf3 43. Kc1 Rxh3 44. Rg7+ Ke6 45. Rg6+ Kd5 46. Kd2 Rh2+ 47. Kc3 Rh3+ 48. Kd2 b4 49. axb4 axb4 50. Nf2 Rh2 51. Ke3 Bd7 52. Rf6 Ba4 53. b3 Bb5 54. Rg6 Bd7 55. Rf6 Rh4 56. Nd3 Bb5 57. Nf2 Bd7 58. Nd3 Re4+ 59. Kd2 Bb5 60. Nc1 Rd4+ 61. Ke1 Rh4 62. Na2 Kc5 63. Rf8 e4 64. Kf2 Kd4 65. Nc1 Rh2+ 0-1

[Event "2BLW 2324 SF Lieme - Klub Kölner SF"]
[Site "?"]
[Date "2023.12.02"]
[Round "3.2"]
[White "Wittke, Rene"]
[Black "Stork, Oliver"]
[Result "0-1"]
[WhiteElo "2324"]
[BlackElo "2298"]
[PlyCount "74"]
[EventDate "2023.??.??"]

1. d4 Nf6 2. Nf3 e6 3. g3 b5 4. a4 b4 5. c4 Bb7 6. Bg2 c5 7. d5 exd5 8. Nh4 d6 9. cxd5 g6 10. b3 Bg7 11. Bb2 O-O 12. O-O Re8 13. Re1 Qe7 14. Ra2 Nbd7 15. Ba1 Rac8 16. Rd2 c4 17. bxc4 Rxc4 18. e4 Qd8 19. Rde2 Rc8 20. h3 a5 21. Kh2 Nb6 22. Bd4 Nfd7 23. f4 Ba6 24. Rd2 Nc4 25. Rf2 Bxd4 26. Qxd4 Qb6 27. Qxb6 Ncxb6 28. Nd2 Rc2 29. Kg1 Nc5 30. Ra1 Nd3 31. Re2 Nxf4 32. Rf2 Ne2+ 33. Rxe2 Bxe2 34. Nb3 Bd3 35. Nd4 Rb2 36. Rd1 Bxe4 37. Re1 Rb1 0-1

[Event "2BLW 2324 SF Lieme - Klub Kölner SF"]
[Site "?"]
[Date "2023.12.02"]
[Round "3.3"]
[White "Morawietz, Dieter"]
[Black "Bentel, Robin"]
[Result "1/2-1/2"]
[WhiteElo "2383"]
[BlackElo "2187"]
[PlyCount "47"]
[EventDate "2023.??.??"]

1. d4 Nf6 2. c4 g6 3. Nc3 d5 4. Nf3 Bg7 5. h4 dxc4 6. e4 c5 7. d5 b5 8. e5 Ng4 9. Bf4 Qa5 10. a4 b4 11. Ne4 Nd7 12. e6 fxe6 13. Bxc4 O-O 14. dxe6 Nb6 15. Bc7 Bb7 16. Nfd2 Bxe4 17. Qxg4 Bf5 18. Qe2 b3 19. Bxb3 Qb4 20. a5 Bxb2 21. Ra2 Bc3 22. O-O Bxd2 23. axb6 Qxb3 24. Qxd2 1/2-1/2

[Event "2BLW 2324 SF Lieme - Klub Kölner SF"]
[Site "?"]
[Date "2023.12.02"]
[Round "3.4"]
[White "Essing, Arnold"]
[Black "Helbig, Mark"]
[Result "1/2-1/2"]
[WhiteElo "2210"]
[BlackElo "2292"]
[PlyCount "68"]
[EventDate "2023.??.??"]

1. d4 d5 2. Bg5 h6 3. Bh4 Nd7 4. e3 Ngf6 5. c4 e6 6. Nc3 Be7 7. Bd3 dxc4 8. Bxc4 a6 9. Nf3 b5 10. Be2 Bb7 11. O-O O-O 12. Rc1 Rc8 13. a3 c5 14. dxc5 Rxc5 15. b4 Rc8 16. Qb3 Nh5 17. Bxe7 Qxe7 18. a4 bxa4 19. Qxa4 Nhf6 20. Qa5 Rb8 21. Rb1 Rfc8 22. Rfc1 Qd6 23. Nd4 Ne5 24. h3 Ng6 25. Bf3 Bxf3 26. Nxf3 Rc4 27. Na2 Rxc1+ 28. Rxc1 Nd5 29. Qc5 Qb6 30. Qxb6 Rxb6 31. Rc4 Nge7 32. Ne5 Rb5 33. Nd3 a5 34. bxa5 Rxa5 1/2-1/2

[Event "2BLW 2324 SF Lieme - Klub Kölner SF"]
[Site "?"]
[Date "2023.12.02"]
[Round "3.5"]
[White "Wacker, Peter"]
[Black "Schaffarczyk, Andre"]
[Result "1-0"]
[WhiteElo "2231"]
[BlackElo "2108"]
[PlyCount "67"]
[EventDate "2023.??.??"]

1. Nf3 d5 2. e3 Nf6 3. c4 e6 4. b3 a6 5. Be2 c5 6. cxd5 exd5 7. d4 Nc6 8. O-O Bd6 9. dxc5 Bxc5 10. Bb2 O-O 11. Nbd2 Bf5 12. Rc1 Bd6 13. a3 Qe7 14. b4 Rac8 15. Nb3 Bb8 16. Nbd4 Bd7 17. Nxc6 Bxc6 18. Qd4 Rfe8 19. Bd3 Qf8 20. Rc2 Ne4 21. Rfc1 Rcd8 22. Bxa6 Ba4 23. Bxb7 Bxc2 24. Rxc2 Nf6 25. b5 Re4 26. Qd3 Qd6 27. Bd4 Qe7 28. Bc6 Bd6 29. a4 Bb4 30. b6 Ne8 31. Qb5 Re6 32. Bxe8 Rxe8 33. a5 Bd6 34. a6 1-0

[Event "2BLW 2324 SF Lieme - Klub Kölner SF"]
[Site "?"]
[Date "2023.12.02"]
[Round "3.6"]
[White "Schulte, Oliver"]
[Black "Andersen, Hans-Christoph"]
[Result "1/2-1/2"]
[WhiteElo "2078"]
[BlackElo "2209"]
[PlyCount "31"]
[EventDate "2023.??.??"]

1. d4 Nf6 2. Bf4 d5 3. e3 c5 4. c3 Nc6 5. Bd3 Qb6 6. Qb3 c4 7. Qxb6 axb6 8. Bc2 b5 9. Na3 b4 10. Nb5 Ra5 11. a4 b3 12. Bb1 e6 13. Bc7 Ra6 14. Bf4 Ra5 15. Bc7 Ra6 16. Bf4 1/2-1/2

[Event "2BLW 2324 SF Lieme - Klub Kölner SF"]
[Site "?"]
[Date "2023.12.02"]
[Round "3.8"]
[White "Hoffmann, Andreas"]
[Black "Pfaar, Zeno"]
[Result "0-1"]
[WhiteElo "1967"]
[BlackElo "2013"]
[PlyCount "116"]
[EventDate "2023.??.??"]

1. d4 d5 2. Nf3 Nf6 3. e3 c5 4. c3 Nc6 5. Nbd2 cxd4 6. exd4 Bg4 7. Qa4 Bd7 8. Qb3 Qc7 9. Bd3 e6 10. O-O Bd6 11. Re1 O-O 12. Nf1 Ne7 13. Be3 Ng6 14. Rac1 b5 15. Bb1 a5 16. Ng3 Rfc8 17. Bg5 Rab8 18. Bxg6 hxg6 19. Ne5 Be8 20. Qd1 Nd7 21. Nf3 Qb6 22. Bd2 b4 23. Ng5 bxc3 24. Bxc3 Bb4 25. Ne2 Bxc3 26. bxc3 Qd6 27. Qd3 Nf6 28. Rb1 Qc6 29. f4 Rb5 30. Kf2 Rcb8 31. h3 Qb6 32. Rbc1 Rb2 33. Rc2 Rxc2 34. Qxc2 Qb2 35. Rc1 a4 36. Ke3 a3 37. g4 Bd7 38. Qd2 Qxd2+ 39. Kxd2 Rb2+ 40. Ke3 Bb5 41. Ng3 Rxa2 42. f5 Rb2 43. fxe6 fxe6 44. Nf1 Re2+ 45. Kf3 a2 46. Ne3 Rb2 47. Ra1 Ba4 48. Nxe6 Ne4 49. Nxd5 Nd2+ 50. Ke3 Nb3 51. Rf1 Re2+ 52. Kxe2 Bb5+ 53. Kf2 Bxf1 54. Kxf1 a1=Q+ 55. Ke2 Qb2+ 56. Kd3 Na5 57. Ne3 Qb1+ 58. Nc2 Qd1+ 0-1

[Event "2BLW 2324 Bad Emstal/Wolfhagen - Düssel"]
[Site "?"]
[Date "2023.12.02"]
[Round "3.1"]
[White "Vidit, Santosh Gujrathi"]
[Black "Galperin, Platon"]
[Result "1-0"]
[WhiteElo "2737"]
[BlackElo "2566"]
[PlyCount "77"]
[EventDate "2023.??.??"]

1. d4 Nf6 2. c4 g6 3. Nc3 Bg7 4. e4 d6 5. Nf3 O-O 6. Be2 e5 7. O-O exd4 8. Nxd4 Re8 9. f3 c6 10. Nc2 Na6 11. Kh1 Nc7 12. Bg5 d5 13. cxd5 cxd5 14. Qe1 h6 15. Bh4 dxe4 16. Rd1 Qe7 17. fxe4 g5 18. Bg3 Nxe4 19. Nxe4 Qxe4 20. Bh5 Qxe1 21. Nxe1 Be6 22. Bxc7 Rac8 23. Bg3 Bxb2 24. Rb1 Bc3 25. Rxb7 Bc4 26. Bxf7+ Bxf7 27. Rfxf7 Rf8 28. Rxf8+ Rxf8 29. Nf3 g4 30. Ng1 Rf1 31. Re7 Ra1 32. Re2 a5 33. Rc2 Bf6 34. Bf2 a4 35. Bc5 Bg5 36. g3 a3 37. Kg2 Bc1 38. Ne2 Bb2 39. Nd4 1-0

[Event "2BLW 2324 Bad Emstal/Wolfhagen - Düssel"]
[Site "?"]
[Date "2023.12.02"]
[Round "3.2"]
[White "Sivuk, Vitaly"]
[Black "Praggnanandhaa R"]
[Result "0-1"]
[WhiteElo "2490"]
[BlackElo "2740"]
[PlyCount "66"]
[EventDate "2023.??.??"]

1. e4 c5 2. c3 Nf6 3. e5 Nd5 4. d4 cxd4 5. Nf3 e6 6. cxd4 Bb4+ 7. Bd2 Bxd2+ 8. Qxd2 b6 9. Bd3 Ba6 10. Nc3 Nxc3 11. bxc3 Bxd3 12. Qxd3 Nc6 13. O-O O-O 14. a4 Rc8 15. Rfe1 h6 16. Nd2 Na5 17. Re3 d5 18. f4 Qd7 19. Rg3 Rc7 20. Qe2 f5 21. Qh5 Kh8 22. Re1 Qxa4 23. Rg6 Qc2 24. Re3 Kh7 25. Reg3 Qc1+ 26. Nf1 Qxf4 27. R3g5 Rg8 28. h4 Re7 29. Ng3 Nc4 30. Rf6 gxf6 31. exf6 Rxg5 32. fxe7 Rxh5 33. Nxh5 Qe3+ 0-1